000 00521nam a2200205Ia 4500
005 20241216010815.0
008 190212s9999||||xx |||||||||||||| ||und||
082 _a152
_bB62
100 _aBLUMENFELD WALTER
245 0 _aINTRODUCCION A LA PSICOLOGIA EXPERIMENTAL
250 _a5
260 _aESPAÑA
_bLIB. INT. DEL PERU S.A.
_c1966
300 _a486 pag
_c25 cm
341 _h0
490 _v0
_a0
505 _aPSICOLOGIA-EXPERIMENTAL
541 _aC
_d01-Oct-99
_oSoles
650 _aFILOSOFIA
942 _cLIBRO
999 _c24584
_d24584